000
00280nam a22001337a 4500
008
210426b ||||| |||| 00| 0 eng d
041
_a
eng
080
_a
621
082
_a
621
100
_a
26
101
_a
MEK
245
_a
The Solar Home Book
_c
Anderson,B
942
_2
udc
_c
BK
999
_c
56792
_d
56792